书目信息 |
| 题名: |
中国文人阶层史论
|
|
| 作者: | 龚鹏程 著 | |
| 分册: | ||
| 出版信息: | 兰州 兰州大学出版社 2004 |
|
| 页数: | 418页 | |
| 开本: | 21cm | |
| 丛书名: | 两岸文化星系 | |
| 单 册: | ||
| 中图分类: | D691.7 | |
| 科图分类: | ||
| 主题词: | 知识分子--研究--中国--古代 , 知识分子 , 政治--中国 | |
| 电子资源: | ||
| ISBN: | 7-311-02222-3 | |
| 000 | 00924oam2 2200289 450 | |
| 001 | 1254329515 | |
| 005 | 20121004151240.98 | |
| 010 | @a7-311-02222-3@dCNY27.00 | |
| 100 | @a20031229d2004 em y0chiy50 ea | |
| 101 | 0 | @achi |
| 102 | @aCN@b620000 | |
| 105 | @ay z 000yy | |
| 106 | @ar | |
| 200 | 1 | @a中国文人阶层史论@f龚鹏程著@Azhong guo wen ren jie ceng shi lun |
| 210 | @a兰州@c兰州大学出版社@d2004 | |
| 215 | @a418页@d21cm | |
| 225 | 2 | @a两岸文化星系 |
| 308 | @a丛书第一辑 | |
| 330 | @a本书论述了才性论与文人阶层、天才的理论及其社会、文才论的历史、清朝中叶的扬州学派、清代文人对优伶的态度等十三部分内容。 | |
| 461 | 0 | @1001002544040 |
| 606 | 0 | @a知识分子@x研究@y中国@z古代 |
| 606 | 0 | @a知识分子 |
| 606 | 0 | @a政治@x中国 |
| 690 | @aD691.7@v4 | |
| 701 | 0 | @a龚鹏程@f(1956~)@4著@Agong peng cheng |
| 801 | 0 | @aCN@b大连网信软件有限公司图书馆·11@c20121004 |
| 905 | @a10447@dD691.7@eJY32 | |
| 中国文人阶层史论/龚鹏程著.-兰州:兰州大学出版社,2004 |
| 418页;21cm .-(两岸文化星系 ) |
| ISBN 7-311-02222-3:CNY27.00 |
| 本书论述了才性论与文人阶层、天才的理论及其社会、文才论的历史、清朝中叶的扬州学派、清代文人对优伶的态度等十三部分内容。 |
| ● |
| 相关链接 |
|
|
|
|
正题名:中国文人阶层史论
索取号:D691.7/JY32
 
预约/预借
| 序号 | 登录号 | 条形码 | 馆藏地/架位号 | 状态 | 备注 |
| 1 | 7812259 | 278122595 | 学院路分馆/ [索取号:D691.7/JY32] | 在馆 | |
| 2 | 7812260 | 278122602 | 学院路分馆/ [索取号:D691.7/JY32] | 在馆 | |
| 3 | 7812261 | 278122611 | 学院路分馆/ [索取号:D691.7/JY32] | 在馆 | |
| 4 | 7812262 | 278122620 | 学院路分馆/ [索取号:D691.7/JY32] | 在馆 |